[Event "Obb. Mädchen-EM 2011 U14-U18"]
[Site "Mühldorf am Inn"]
[Date "2011.03.11"]
[Round "1"]
[White "Stoll, Katja"]
[Black "Pils, Martina"]
[Result "1-0"]
[BlackElo "851"]
[WhiteElo "1491"]

1.e4 c5 2.Nf3 d6 3.d4 Nf6 4.Nc3 g6 5.dxc5 e6 6.cxd6 Nc6 7.Bf4 Bg7 8.Bd3 O-O 9.Qd2
Re8 10.Bb5 Bd7 11.O-O a6 12.Bd3 e5 13.Bg5 Bf8 14.Nd5 Bg7 15.Nc7 Rc8 16.Nxe8 Qxe8
17.c4 b6 18.c5 bxc5 19.Bxf6 Bxf6 20.Bxa6 Rb8 21.Rac1 Nb4 22.Bc4 Ra8 23.a3 Nc6 24.Bd5
Qd8 25.Rxc5 Ra6 26.Qd3 Rb6 27.b4 Na7 28.Qb3 Be8 29.Rc7 Nb5 30.Bxf7+ Kh8 31.Bxe8 Qxe8
32.d7 Qe7 33.Rc8+ Kg7 34.d8=Q Qxd8 35.Rxd8 Bxd8 36.Nxe5 Nd6 37.Rd1 Bc7 38.Rxd6 Rxd6
39.g3 Rd4   1-0

[Event "Obb. Mädchen-EM 2011 U14-U18"]
[Site "Mühldorf am Inn"]
[Date "2011.03.11"]
[Round "1"]
[White "Spieker, Christine"]
[Black "Bosse, Lea"]
[Result "0-1"]
[BlackElo "1432"]
[WhiteElo "932"]

1.Nf3 d5 2.c4 Nf6 3.g3 Bf5 4.Bg2 c6 5.b3 e6 6.Bb2 Nbd7 7.d3 Bd6 8.Nh4 Bg6 9.Nxg6 hxg6
10.Nd2 Qb6 11.h3 Rh7 12.d4 Qc7 13.O-O g5 14.Kh2 g4 15.e4 dxe4 16.Nxe4 Nxe4 17.Bxe4
Rxh3+ 18.Kg2 Bxg3 19.Qxg4 Rh2+ 20.Kg1 Rh4 21.Qxg3 Qxg3+ 22.fxg3 Rxe4 23.Rf2 Nf6 24.Raf1
O-O-O 25.Rf4 Rxf4 26.Rxf4 Rd7 27.g4 e5 28.dxe5 Rd1+ 29.Kg2 Rd2+ 30.Rf2 Rxf2+ 31.Kxf2
Nxg4+ 32.Kg3 Ne3 33.Kf4 Ng2+ 34.Kg3 Ne1 35.Bc3 Nd3 36.Bd4 b6 37.Kf3 Nc1 38.Ke4 Nxa2
39.e6 fxe6 40.Bxg7 Nc1 41.b4 Na2 42.b5 cxb5 43.cxb5 Kd7 44.Bd4 Kd6 45.Be5+ Kc5 46.Bb8
Nc3+ 47.Ke5 Nxb5 48.Kxe6 a6 49.Ke5 Nc3 50.Bd6+ Kc4   0-1

[Event "Obb. Mädchen-EM 2011 U14-U18"]
[Site "Mühldorf am Inn"]
[Date "2011.03.11"]
[Round "1"]
[White "Hälterlein, Anna"]
[Black "Mitscherlich, Anna-Sophia"]
[Result "1-0"]
[BlackElo "778"]
[WhiteElo "1219"]

1.d4 d5 2.c4 Nf6 3.cxd5 Nxd5 4.e4 Nf6 5.Nc3 e6 6.Bg5 Be7 7.Nf3 Ng4 8.Bxe7 Qxe7 9.Be2
Nc6 10.O-O f5 11.exf5 e5 12.Bb5 Bxf5 13.h3 Rf8 14.dxe5 Qb4 15.Qc1 Rd8 16.hxg4 Qxg4
17.Rd1 Be4 18.Nxe4 Rxf3 19.Rxd8+ Kxd8 20.Qd1+ Nd4 21.Qxd4+ Ke7 22.Be2 Qd7 23.Qxd7+
Kxd7 24.Bxf3 Ke6 25.Nc5+ Kxe5 26.Bxb7 Kd6 27.Nb3 c5 28.Rc1 Kc7 29.Be4 a5 30.Rxc5+
Kd6 31.Rxa5 h6 32.Rd5+ Ke6 33.Rd1 Ke5 34.Bf3 g5 35.a4 Kf6 36.a5 Kg6 37.a6 Kh7 38.a7
Kg7 39.a8=Q Kh7 40.Rd6 Kg7 41.Qb7+ Kf8 42.Rd8#   1-0

[Event "Obb. Mädchen-EM 2011 U14-U18"]
[Site "Mühldorf am Inn"]
[Date "2011.03.11"]
[Round "1"]
[White "Wheeler, Sara"]
[Black "Huber, Nastasja"]
[Result "1-0"]
[BlackElo "767"]
[WhiteElo "1172"]

1.e4 e5 2.Nc3 Nf6 3.Nf3 Nc6 4.Bc4 Bc5 5.d3 O-O 6.Bg5 h6 7.Bh4 g5 8.Bg3 d6 9.h3 a6
10.Qd2 Nh5 11.Nd5 b5 12.Bb3 Ra7 13.h4 Ng7 14.hxg5 h5 15.O-O-O Bg4 16.Rh4 Rb7 17.Rdh1
Kh7 18.Nh2 Be6 19.Nf6+ Kg6 20.Bxe6 fxe6 21.Nf3 Nd4 22.Nxd4 Bxd4 23.Nxh5 c6 24.Nxg7
Qxg5 25.Qxg5+ Kxg5 26.Nxe6+ Kf6 27.Nxf8 Rf7 28.Rh6+ Kg7 29.Ne6+ Kg8 30.Rh8#   1-0

[Event "Obb. Mädchen-EM 2011 U14-U18"]
[Site "Mühldorf am Inn"]
[Date "2011.03.11"]
[Round "1"]
[White "Zimmermann, Sophia"]
[Black "Baier, Elisabeth"]
[Result "0-1"]
[BlackElo "1190"]
[WhiteElo "771"]

1.e4 c5 2.Bc4 e6 3.Nf3 Nc6 4.O-O d6 5.e5 Nxe5 6.d3 Nc6 7.Ng5 Be7 8.h4 h6 9.Ne4 d5
10.Bxd5 Qxd5 11.Nbc3 Qd8 12.Bf4 Bxh4 13.Nxc5 b6 14.Nb5 e5 15.Re1 bxc5 16.d4 cxd4
17.g3 Nge7 18.Bxe5 Nxe5 19.gxh4 N5c6 20.c3 O-O 21.cxd4 Nf5 22.d5 Nb8 23.Rc1 Nxh4
24.Nc7 Qg5+ 25.Kf1 Bh3+ 26.Ke2 Bg4+ 27.f3 Bxf3+ 28.Kf1 Qg2#   0-1

[Event "Obb. Mädchen-EM 2011 U14-U18"]
[Site "Mühldorf am Inn"]
[Date "2011.03.11"]
[Round "1"]
[White "Pietrulewicz, Anita"]
[Black "Belizaire, Jeannine"]
[Result "0-1"]
[BlackElo "1018"]
[WhiteElo "694"]

1.e4 e5 2.Nf3 Nc6 3.Bc4 Bc5 4.Nc3 Nf6 5.O-O d6 6.d3 O-O 7.Bg5 h6 8.Bh4 Be6 9.Nd5 Kh8
10.h3 a6 11.a4 Na5 12.b3 Nxc4 13.bxc4 c6 14.Nxf6 gxf6 15.d4 exd4 16.Nxd4 Bxc4 17.Re1
Rg8 18.Rb1 b5 19.Nxc6 Qd7 20.Bxf6+ Kh7 21.axb5 Qxh3 22.Qf3 Qxf3 23.g3 Qxg3+ 24.Kh1
Qg2#   0-1

[Event "Obb. Mädchen-EM 2011 U14-U18"]
[Site "Mühldorf am Inn"]
[Date "2011.03.12"]
[Round "2"]
[White "Baier, Elisabeth"]
[Black "Stoll, Katja"]
[Result "0-1"]
[BlackElo "1491"]
[WhiteElo "1190"]

1.e4 e5 2.Bc4 Nf6 3.d3 d5 4.exd5 Nxd5 5.Nf3 f6 6.O-O Be6 7.c3 Nc6 8.Qb3 Na5 9.Qb5+
c6 10.Qa4 Nxc4 11.Qxc4 Nf4 12.Qe4 Qxd3 13.Qxd3 Nxd3 14.Rd1 Nxc1 15.Rxc1 O-O-O 16.Nbd2
Be7 17.Nb3 Bd5 18.Rd1 Bxf3 19.gxf3 Rd6 20.Rd2 Rhd8 21.Rad1 Kc7 22.Kf1 Rxd2 23.Rxd2
Rxd2 24.Nxd2 Kd6 25.Ke2 Kd5 26.Ke3 f5 27.f4 Bc5+ 28.Kf3 e4+ 29.Kg3 e3 30.fxe3 Bxe3
31.Nf1 Bc1 32.b3 Ke4 33.Kf2 Bxf4 34.Ng3+ Bxg3+ 35.hxg3 f4 36.gxf4 Kxf4 37.Kg2 g5
38.Kh3 h5 39.Kg2 g4 40.Kf2 h4 41.Kg2 g3 42.c4 h3+ 43.Kf1 Kf3 44.Kg1 h2+ 45.Kh1 g2+
46.Kxh2 Kf2 47.Kh3 g1=Q   0-1

[Event "Obb. Mädchen-EM 2011 U14-U18"]
[Site "Mühldorf am Inn"]
[Date "2011.03.12"]
[Round "2"]
[White "Bosse, Lea"]
[Black "Wheeler, Sara"]
[Result "1/2-1/2"]
[BlackElo "1172"]
[WhiteElo "1485"]

1.e4 c5 2.Nc3 Nc6 3.f4 g6 4.Nf3 Bg7 5.Bb5 a6 6.Bxc6 bxc6 7.O-O d6 8.h3 Nf6 9.d3 O-O
10.Qe1 Rb8 11.f5 gxf5 12.exf5 Bxf5 13.Qh4 Rb4 14.Qg3 Qd7 15.a3 Rb7 16.Qh4 Bg6 17.Rb1
Qf5 18.g4 Qd7 19.Ne2 e5   1/2-1/2

[Event "Obb. Mädchen-EM 2011 U14-U18"]
[Site "Mühldorf am Inn"]
[Date "2011.03.12"]
[Round "2"]
[White "Belizaire, Jeannine"]
[Black "Hälterlein, Anna"]
[Result "1/2-1/2"]
[BlackElo "1219"]
[WhiteElo "1018"]

1.e4 e5 2.Nf3 Nc6 3.Bc4 Bc5 4.Nc3 Nf6 5.d3 h6 6.Be3 Bb6 7.O-O O-O 8.Nh4 d6 9.Ng6 Re8
10.Qf3 Be6 11.Bxe6 Rxe6 12.Qh3 Qe8 13.Nh4 Ne7 14.Qg3 Kh7 15.Qf3 Rd8 16.Nd5   1/2-1/2

[Event "Obb. Mädchen-EM 2011 U14-U18"]
[Site "Mühldorf am Inn"]
[Date "2011.03.12"]
[Round "2"]
[White "Pils, Martina"]
[Black "Zimmermann, Sophia"]
[Result "1-0"]
[BlackElo "771"]
[WhiteElo "851"]

1.e4 e5 2.Nf3 Bc5 3.Bc4 Nf6 4.Nc3 Ng4 5.O-O Bxf2+ 6.Rxf2 Nxf2 7.Kxf2 c6 8.Nxe5 Qe7
9.d4 f6 10.Nf3 b5 11.Bd3 Na6 12.Be3 c5 13.Bxb5 cxd4 14.Qxd4 Nb4 15.Rc1 a6 16.Bc4
Nc6 17.Qb6 Rb8 18.Qc7 Kf8 19.Bd5 Qe8 20.Bc5+ d6 21.Bxd6+ Ne7 22.Qxb8 Qd8 23.Nd4 Qa5
24.Qxc8+ Qd8 25.Qxd8#   1-0

[Event "Obb. Mädchen-EM 2011 U14-U18"]
[Site "Mühldorf am Inn"]
[Date "2011.03.12"]
[Round "2"]
[White "Huber, Nastasja"]
[Black "Spieker, Christine"]
[Result "0-1"]
[BlackElo "932"]
[WhiteElo "767"]

1.e4 c5 2.d3 d6 3.Be3 Nf6 4.Nc3 Nc6 5.d4 cxd4 6.Bxd4 Nxd4 7.Qxd4 Bd7 8.O-O-O g6 9.Nd5
Bg7 10.Bc4 O-O 11.Nf3 Nxd5 12.Qxd5 Be6 13.Qb5 Bxc4 14.Qxc4 Qb6 15.b3 Qxf2 16.Rd2
Bh6 17.Rf1 Qxg2 18.h4 Bxd2+ 19.Nxd2 Qh3 20.Nf3 Qc8 21.Qd5 Qc6 22.Qd3 Qa6 23.Qxa6
bxa6 24.e5 dxe5 25.Nxe5 f6 26.Nd7 Rfd8 27.Nc5 Rd6 28.Re1 Kf7 29.Ne4 Re6 30.c4 Rd8
31.c5 Rd4 32.Nc3 Rxe1+ 33.Kc2 Re6 34.a3 a5 35.Nb5 Rxh4 36.Nd4 Rxd4 37.Kc3 Rh4 38.Kd3
Rc6 39.b4 axb4 40.axb4 Rxb4 41.Kc3 a5 42.Kd3 Rxc5 43.Kd2 Rh5 44.Kd3 Rg4 45.Ke3 Rh3+
46.Kf2 Ra4 47.Kg2 Rb3 48.Kf2 Ra2+ 49.Ke1 Rb1#   0-1

[Event "Obb. Mädchen-EM 2011 U14-U18"]
[Site "Mühldorf am Inn"]
[Date "2011.03.12"]
[Round "2"]
[White "Mitscherlich, Anna-Sophia"]
[Black "Pietrulewicz, Anita"]
[Result "1-0"]
[BlackElo "694"]
[WhiteElo "778"]

1.d4 d5 2.Nc3 Nf6 3.Bg5 Nc6 4.Nf3 Bf5 5.Nh4 e6 6.e3 a6 7.Be2 Be7 8.O-O h6 9.Bf4 g5
10.Nxf5 exf5 11.Be5 Nxe5 12.dxe5 Nd7 13.Qxd5 c6 14.Qf3 Nxe5 15.Qh5 Qd6 16.Rad1 Qe6
17.Rd4 O-O 18.e4 Rad8 19.Rb4 Bxb4 20.exf5 Qxf5 21.Qxh6 Qg6 22.Qh3 g4 23.Qe3 Rfe8
24.Ne4 Qh5 25.Nf6+ Kf8 26.Nxh5 Rd2 27.Qh6+ Ke7 28.Re1 Rxc2 29.Rd1 Rd8 30.Qf6+ Kf8
31.Qxd8#   1-0

[Event "Obb. Mädchen-EM 2011 U14-U18"]
[Site "Mühldorf am Inn"]
[Date "2011.03.12"]
[Round "3"]
[White "Stoll, Katja"]
[Black "Bosse, Lea"]
[Result "1/2-1/2"]
[BlackElo "1485"]
[WhiteElo "1491"]

1.e4 e6 2.d4 d5 3.exd5 exd5 4.Nc3 c6 5.Nf3 Bg4 6.h3 Bh5 7.Be2 Bd6 8.Be3 Nd7 9.Qd2
Ne7 10.Bf4 Qc7 11.Bxd6 Qxd6 12.O-O-O O-O-O 13.g4 Bg6 14.Nh4 Rhe8 15.Nxg6 Nxg6 16.Bd3
Ndf8 17.Bf5+ Kb8 18.Rde1 Nh4 19.Rxe8 Rxe8 20.Re1 Re7 21.Rxe7 Qxe7 22.Qf4+ Qc7 23.Qxc7+
Kxc7 24.Bd3 Nhg6 25.Ne2 h6 26.c3 Kd6 27.Kd2 Ke7 28.Ke3 Ke6   1/2-1/2

[Event "Obb. Mädchen-EM 2011 U14-U18"]
[Site "Mühldorf am Inn"]
[Date "2011.03.12"]
[Round "3"]
[White "Wheeler, Sara"]
[Black "Belizaire, Jeannine"]
[Result "0-1"]
[BlackElo "1018"]
[WhiteElo "1172"]

1.e4 e5 2.Nc3 Bc5 3.Nf3 Nc6 4.Nxe5 Bxf2+ 5.Kxf2 Nxe5 6.Ke1 d6 7.d4 Ng6 8.Bc4 Nf6 9.Rf1
O-O 10.Rf2 Ng4 11.Re2 Nxh2 12.Kf2 Bg4 13.Kg1 Bxe2 14.Qxe2 Qh4 15.Bd2 Ng4 16.Qd1 Qh2+
17.Kf1 Qh1+ 18.Ke2 Qxg2+ 19.Kd3 Nf2+ 20.Ke3 Nxd1+ 21.Rxd1 Nh4 22.Rf1 Rae8 23.Rf2
Qg3+ 24.Ke2 d5 25.Bxd5 c6 26.Bf4 Qg4+ 27.Kf1 cxd5 28.exd5 Nf3 29.Ne2 Nd2+ 30.Bxd2
Qh3+ 31.Kg1 Re4 32.Bf4 Rfe8 33.Rh2 Qg4+ 34.Rg2 Qh4 35.Bg3 Qh6 36.Rh2 Qe3+ 37.Kf1
Rg4 38.Rg2 Qf3+ 39.Rf2 Qh1+ 40.Ng1 Rxg3 41.Re2 Qxg1#   0-1

[Event "Obb. Mädchen-EM 2011 U14-U18"]
[Site "Mühldorf am Inn"]
[Date "2011.03.12"]
[Round "3"]
[White "Hälterlein, Anna"]
[Black "Baier, Elisabeth"]
[Result "0-1"]
[BlackElo "1190"]
[WhiteElo "1219"]

1.d4 d5 2.c4 dxc4 3.e3 Nf6 4.Bxc4 e6 5.Nf3 Bd6 6.Nc3 c6 7.O-O Bc7 8.b3 O-O 9.Bb2 Nbd7
10.Rc1 b6 11.Bd3 c5 12.Nb5 Bb8 13.dxc5 Nxc5 14.Rxc5 bxc5 15.Bxf6 Qxf6 16.Be4 Rd8
17.Qe2 a6 18.Bxa8 axb5 19.Qxb5 Qe7 20.Rc1 Bd6 21.Bc6 Qa7 22.a4 Ba6 23.Qa5 Bc7 24.Qc3
Qb6 25.Be4 f6 26.Kh1 Be2 27.Bc2 Qd6 28.Ng1 Qxh2#   0-1

[Event "Obb. Mädchen-EM 2011 U14-U18"]
[Site "Mühldorf am Inn"]
[Date "2011.03.12"]
[Round "3"]
[White "Spieker, Christine"]
[Black "Pils, Martina"]
[Result "1-0"]
[BlackElo "851"]
[WhiteElo "932"]

1.Nf3 c5 2.c4 d6 3.g3 Nf6 4.b3 g6 5.Bb2 Bg7 6.Bg2 O-O 7.O-O Nc6 8.d3 b6 9.Nbd2 Bb7
10.a3 a5 11.Qc2 Re8 12.Ng5 e5 13.Nge4 Nxe4 14.Nxe4 Nd4 15.Qd1 Bc6 16.e3 Ne6 17.Nf6+
Qxf6 18.Bxc6 Ng5 19.f4 Ne6 20.fxe5 Qg5 21.Qf3 Re7 22.Bxa8 Nd8 23.Qf4 Qh5 24.Ra2 dxe5
25.Qf3 Qg5 26.h4 Qh6 27.Kh2 Bh8 28.Kh3 Rd7 29.Bd5 Qf8 30.g4 h6 31.h5 gxh5 32.gxh5
Qe7 33.Rg1+ Kf8 34.Qg3 Ke8 35.Qg8+ Qf8 36.Bc1 Ke7 37.e4 Nb7 38.Qh7 Kd6 39.Bxh6 Qe8
40.Rg8 Qe7 41.Rxh8 Qf6 42.Rf8 Qf3+ 43.Kh2 Qxh5+ 44.Kg1 Qg4+ 45.Rg2 Qd1+ 46.Kf2 Qc2+
47.Kf3 Qxd3+ 48.Be3 Qf1+ 49.Kg3 Qe1+ 50.Bf2 Qc3+ 51.Kh4 Qf3 52.Qh6+ f6 53.Rxf6+ Qxf6+
54.Qxf6+ Kc7 55.Qc6+   1-0

[Event "Obb. Mädchen-EM 2011 U14-U18"]
[Site "Mühldorf am Inn"]
[Date "2011.03.12"]
[Round "3"]
[White "Zimmermann, Sophia"]
[Black "Mitscherlich, Anna-Sophia"]
[Result "1-0"]
[BlackElo "778"]
[WhiteElo "771"]

1.e4 e5 2.Nc3 Nf6 3.a3 Bc5 4.Bc4 Bd4 5.Nf3 Bc5 6.Nxe5 Qe7 7.Nb5 Na6 8.Nxf7 Rf8 9.Ng5
d5 10.Bd3 dxe4 11.b4 exd3+ 12.Kf1 Bd7 13.bxc5 Bc6 14.Nd4 Bd5 15.Nf5 Qxc5 16.Qe1+
Kd7 17.cxd3 Rae8 18.Qd1 Ng4 19.Qxg4 Re5 20.d4 Qc2 21.f3 Qd1+ 22.Kf2 Qxh1 23.dxe5
Re8 24.f4 Nc5 25.Nxg7+ Kc6 26.Nxe8 Nd3+ 27.Kg3 Qxg2+ 28.Kh4 Qf2+ 29.Qg3 Qc5 30.Qxd3
Qf8 31.Nf6 Qh6+ 32.Kg3 Bh1 33.Bb2 b6 34.Rxh1 Qf8 35.Qd7+ Kb7 36.Ngxh7 Qh6 37.Rc1
Qg6+ 38.Kf3 Ka6 39.Qxc7 Qd3+ 40.Kg4 Qe2+ 41.Kg5 Qxd2 42.Rc6 Qxb2 43.Qc8+ Kb5 44.e6
Qg2+ 45.Kh4 Qxc6 46.Qxc6+ Kxc6 47.e7 a5 48.e8=Q+ Kb7 49.Nd5 Ka6 50.Nc7+ Kb7 51.Qd7
Kb8 52.f5 b5 53.f6 Kb7 54.f7 a4 55.Nxb5+ Kb6 56.f8=Q Ka5 57.Qa7+ Kxb5 58.Qfc5#  
1-0

[Event "Obb. Mädchen-EM 2011 U14-U18"]
[Site "Mühldorf am Inn"]
[Date "2011.03.12"]
[Round "3"]
[White "Pietrulewicz, Anita"]
[Black "Huber, Nastasja"]
[Result "1-0"]
[BlackElo "767"]
[WhiteElo "694"]

1.e4 Nf6 2.Nc3 g6 3.d4 d6 4.Nf3 Bg7 5.Bc4 O-O 6.O-O a6 7.h3 b5 8.Bb3 Bd7 9.Bd2 c5
10.dxc5 dxc5 11.Bd5 Ra7 12.e5 Nxd5 13.Nxd5 e6 14.Nf4 Nc6 15.Re1 Qc7 16.Qe2 Re8 17.b3
f6 18.exf6 Bxf6 19.Rad1 Raa8 20.a4 e5 21.axb5 exf4 22.Qd3 Bf5 23.Qc4+ Kg7 24.Bxf4
axb5 25.Bxc7 bxc4 26.bxc4 Bxc2 27.Rd7+ Ne7 28.Bd6 Kf7 29.Bxc5 Ra4 30.Nd2 Bc3 31.Rdxe7+
Rxe7 32.Rxe7+ Kf6 33.Ne4+ Bxe4 34.Rxe4 Be5 35.f4 Kf5 36.Rxe5+ Kxf4 37.Re7 Rxc4 38.Bd6+
Kf5 39.g4+ Kf6 40.Rxh7 Ke6 41.Bb8 Rc8 42.Bf4 Kf6 43.g5+ Kf5 44.Rh4 Rc4 45.Bg3 Rxh4
46.Bxh4 Kf4 47.Kg2 Kf5 48.Kf3 Ke6 49.Kf4 Kf7 50.Ke5 Ke7 51.Bg3 Kf7 52.h4 Kg7 53.Ke6
Kf8 54.Kf6 Kg8 55.Kxg6 Kh8 56.Kf7 Kh7 57.g6+ Kh8 58.Be5#   1-0

[Event "Obb. Mädchen-EM 2011 U14-U18"]
[Site "Mühldorf am Inn"]
[Date "2011.03.13"]
[Round "4"]
[White "Belizaire, Jeannine"]
[Black "Stoll, Katja"]
[Result "0-1"]
[BlackElo "1491"]
[WhiteElo "1018"]

1.e4 e5 2.Nf3 Nf6 3.Nc3 Nc6 4.Bc4 Nxe4 5.Bxf7+ Kxf7 6.Nxe4 Be7 7.d3 Rf8 8.Bg5 d5 9.Bxe7
Qxe7 10.Nc3 Qd8 11.O-O Kg8 12.Re1 Bg4 13.h3 Bxf3 14.gxf3 Nd4 15.Re3 Qg5+ 16.Kh1 c6
17.Qg1 Qh5 18.Rc1 Nxf3 19.Qg4 Qxg4 20.hxg4 d4 21.Rxf3 Rxf3 22.Ne4 Raf8 23.Kg2 R3f4
24.Kg3 b6 25.a3 c5 26.c4 Rf3+ 27.Kg2 Rxd3 28.a4 Rf4 29.Re1 Rxg4+ 30.Kf1 Rh4 31.Kg2
Rb3 32.Nd6 Rh5 33.f4 Rxb2+ 34.Kf3 d3 35.Kg4 d2 36.Rd1 g6 37.Ne4 Rf5 38.fxe5 h5+ 39.Kg3
Rxe5 40.Nxd2 Re3+ 41.Kf4 Rd3 42.Kg5 Rdxd2 43.Rxd2 Rxd2 44.Kxg6 Rd4 45.Kxh5 Rxc4 46.Kg5
Rd4 47.Kf5   0-1

[Event "Obb. Mädchen-EM 2011 U14-U18"]
[Site "Mühldorf am Inn"]
[Date "2011.03.13"]
[Round "4"]
[White "Baier, Elisabeth"]
[Black "Spieker, Christine"]
[Result "1/2-1/2"]
[BlackElo "932"]
[WhiteElo "1190"]

1.e4 c5 2.c3 d6 3.Nf3 Nf6 4.d3 g6 5.Be2 Bg7 6.O-O O-O 7.Re1 Nc6 8.Nbd2 Bd7 9.Nc4 b5
10.Ne3 Qc7 11.Qb3 a6 12.Nd5 Nxd5 13.Qxd5 h6 14.Qb3 Ne5 15.Qc2 Bc6 16.Be3   1/2-1/2

[Event "Obb. Mädchen-EM 2011 U14-U18"]
[Site "Mühldorf am Inn"]
[Date "2011.03.13"]
[Round "4"]
[White "Bosse, Lea"]
[Black "Hälterlein, Anna"]
[Result "1/2-1/2"]
[BlackElo "1219"]
[WhiteElo "1485"]

1.e4 e5 2.Nf3 Nc6 3.Bc4 Bc5 4.d4 exd4 5.c3 Nge7 6.cxd4 Bb4+ 7.Bd2 Bxd2+ 8.Qxd2 d6
9.h3 O-O 10.O-O b6 11.Nc3 Na5 12.Bd3 c5 13.d5 Ng6 14.b3 f5 15.Qc2 Qf6 16.exf5 Bxf5
17.Bxf5 Qxf5 18.Qxf5 Rxf5 19.Nb5 Nb7 20.Rfe1 Nf4 21.Re7 Rf7 22.Rxf7   1/2-1/2

[Event "Obb. Mädchen-EM 2011 U14-U18"]
[Site "Mühldorf am Inn"]
[Date "2011.03.13"]
[Round "4"]
[White "Pils, Martina"]
[Black "Wheeler, Sara"]
[Result "0-1"]
[BlackElo "1172"]
[WhiteElo "851"]

1.e4 c5 2.Nf3 Nc6 3.d4 cxd4 4.Nxd4 Nf6 5.Nxc6 bxc6 6.Nc3 e6 7.Be2 Bc5 8.Bg5 Be7 9.O-O
Qc7 10.Qd2 Rb8 11.Rab1 Rb6 12.a3 Ba6 13.Rfd1 Bxe2 14.Qxe2 Qe5 15.Be3 c5 16.Qc4 Bd6
17.g3 Qh5 18.h4 Ng4 19.Re1 Ne5 20.Qa4 Qg4 21.Kf1 a6 22.b4 O-O 23.bxc5 Rxb1 24.Rxb1
Bc7 25.Qxa6 Qh3+ 26.Ke2 Qg4+ 27.Kf1 Nf3 28.Qa7 Be5 29.Nb5 Nh2+ 30.Kg2 Nf3 31.Qxd7
Nxh4+ 32.Kf1 Nf3 33.c6 Qh3+ 34.Ke2 Qg2 35.Kd3 Bxg3 36.fxg3 Ne5+ 37.Kc3 Nxd7 38.cxd7
h6 39.Rd1 Rd8 40.Bb6 Qf3+ 41.Rd3 Qf6+ 42.Kc4 g5 43.Bxd8 Qxd8 44.a4 Kf8 45.Kc5 Ke7
46.Kc6 h5 47.Nc3 h4 48.gxh4 gxh4 49.Nd1 h3 50.Nf2 h2 51.e5 Qa8+ 52.Kc7 Qa5+ 53.Kc8
Qc5+ 54.Kb7 Kd8 55.Rd2 Qb4+ 56.Kc6 Qxd2 57.Ng4 Qxd7+ 58.Kc5 h1=Q 59.a5 Qhd5+ 60.Kb4
Q5c6 61.c4 Qdb7+ 62.Kc3 Qbb5 63.Ne3 Qxa5+ 64.Kd4 Qd2#   0-1

[Event "Obb. Mädchen-EM 2011 U14-U18"]
[Site "Mühldorf am Inn"]
[Date "2011.03.13"]
[Round "4"]
[White "Pietrulewicz, Anita"]
[Black "Zimmermann, Sofia"]
[Result "1-0"]
[BlackElo "771"]
[WhiteElo "694"]

1.e4 e5 2.Nf3 Bc5 3.Nc3 Nf6 4.Bc4 Nc6 5.O-O d6 6.h3 Nd4 7.d3 O-O 8.Bg5 a6 9.a4 c6
10.Ba2 h6 11.Bh4 b5 12.axb5 axb5 13.Bb3 Ba6 14.Re1 b4 15.Nb1 Bb7 16.Rxa8 Bxa8 17.c3
Nxb3 18.Qxb3 d5 19.exd5 cxd5 20.cxb4 Bb6 21.Rxe5 Qc8 22.Bxf6 Bc7 23.Rh5 Bb8 24.Be5
g6 25.Rxh6 Ba7 26.Rh8#   1-0

[Event "Obb. Mädchen-EM 2011 U14-U18"]
[Site "Mühldorf am Inn"]
[Date "2011.03.13"]
[Round "4"]
[White "Mitscherlich, Anna-Sophia"]
[Black "Huber, Nastasja"]
[Result "0-1"]
[BlackElo "767"]
[WhiteElo "778"]

1.d4 Nf6 2.Bg5 Ne4 3.Nh3 g6 4.e3 Bg7 5.Bd3 Nxg5 6.Nxg5 e6 7.Qf3 Qxg5 8.Nc3 a6 9.Ne4
Qe7 10.h4 O-O 11.h5 h6 12.Ng3 Nc6 13.hxg6 fxg6 14.Qg4 Qb4+ 15.c3 Qxb2 16.Rxh6 Qxa1+
17.Kd2 Rxf2+ 18.Ne2 Qxa2+ 19.Bc2 Ne7 20.Qg3 Bxh6 21.Qxf2 b6 22.Qf6 Nd5 23.Qxg6+ Kf8
24.Qxh6+ Ke7 25.Qg7+ Kd6 26.Qf8+ Kc6 27.Kd1 Nxe3+ 28.Ke1 Qa1+ 29.Kf2 Qf1+ 30.Kxe3
Qxf8 31.Be4+ d5 32.Bf3 a5 33.c4 Ba6 34.cxd5+ exd5 35.Nf4 Re8+ 36.Kf2 Qxf4 37.g3 Qd2+
38.Kg1 Re1#   0-1

[Event "Obb. Mädchen-EM 2011 U14-U18"]
[Site "Mühldorf am Inn"]
[Date "2011.03.13"]
[Round "5"]
[White "Stoll, Katja"]
[Black "Wheeler, Sara"]
[Result "1-0"]
[BlackElo "1172"]
[WhiteElo "1491"]

1.e4 c5 2.Nf3 Nc6 3.d4 cxd4 4.Nxd4 Nf6 5.Nc3 e6 6.Be3 Bb4 7.Bd3 O-O 8.Nxc6 bxc6 9.Bd2
Qb6 10.a3 Bd6 11.b4 Ba6 12.Na4 Qb7 13.c4 Rab8 14.O-O Qc7 15.f4 Be7 16.e5 Ne8 17.Qc2
g6 18.Rf3 Ng7 19.g4 c5 20.b5 Bb7 21.Be4 d6 22.Bc3 dxe5 23.Bxe5 Bd6 24.Bxd6 Qxd6 25.Kh1
Qd4 26.Nc3 Bxe4 27.Qxe4 Qxe4 28.Nxe4 Rbc8 29.Rd1 Rc7 30.Rfd3 f5 31.gxf5 Nxf5 32.Rd7
Rxd7 33.Rxd7 Ne3 34.Nxc5 Rxf4 35.h3 e5 36.Rd8+ Kf7 37.Rd7+ Kg8 38.Rxa7 Nxc4 39.Nd7
e4 40.b6 Nxb6 41.Nxb6 e3 42.Re7 Rf3 43.Kg2 Rf2+ 44.Kg3 Re2 45.Kf3 Rh2 46.Kg3 Re2
47.Nc4 Re1 48.Rxe3 Rc1 49.Ne5 Ra1 50.Rc3 Kg7 51.Rc7+ Kh6 52.Kh4 g5+ 53.Kg4 Rxa3 54.Rc4
Ra2 55.Rc6+ Kg7 56.Kxg5 Rg2+ 57.Ng4 Kf7 58.Rc7+ Kg8 59.Kf6 h5 60.Kg6 Kf8 61.Kxh5
Re2 62.Kg5 Rd2 63.h4 Rd5+ 64.Kf6 Rd6+ 65.Ke5 Ra6 66.h5 Ra5+ 67.Kf6 Ra6+ 68.Kf5 Ra5+
69.Ne5 Kg8 70.Kf6 Ra6+ 71.Rc6 Ra7 72.h6 Rb7 73.Kg6 Kf8 74.h7 Rg7+ 75.Kf6 Rf7+ 76.Nxf7
Ke8 77.h8=Q+ Kd7 78.Rd6+ Kc7 79.Qd8+   1-0

[Event "Obb. Mädchen-EM 2011 U14-U18"]
[Site "Mühldorf am Inn"]
[Date "2011.03.13"]
[Round "5"]
[White "Baier, Elisabeth"]
[Black "Bosse, Lea"]
[Result "0-1"]
[BlackElo "1485"]
[WhiteElo "1190"]

1.e4 e6 2.d4 d5 3.e5 c5 4.c3 Nc6 5.Nf3 Qb6 6.a3 Nh6 7.b4 cxd4 8.cxd4 Nf5 9.Bb2 Be7
10.Be2 a5 11.O-O axb4 12.a4 O-O 13.Re1 Bd7 14.Bb5 Nb8 15.Bxd7 Nxd7 16.Nbd2 Rfc8 17.Nf1
Qd8 18.Qb3 Nb6 19.Bc1 Qd7 20.a5 Nc4 21.N1d2 Rxa5 22.Rb1 Nxd2 23.Nxd2 Rc3 24.Qb2 Qc7
25.Nb3 Ra3 26.Qxc3 bxc3 27.Bxa3 Bxa3 28.Rf1 c2 29.Rbe1 Qc3 30.Nc1 Bxc1 31.Rxc1 Nxd4
32.Ra1 h6 33.Rae1 b5 34.Re3 Qc5 35.Ree1 b4 36.Rc1 b3 37.g3 b2 38.Rb1 c1=Q 39.Rbxc1
Qxc1 40.Rxc1 bxc1=Q+ 41.Kg2 f6 42.exf6 gxf6 43.Kh3 Kg7 44.Kg2 Kg6 45.Kh3 e5 46.Kg2
f5 47.Kh3 Kg5 48.Kg2 f4 49.h4+ Kg6 50.Kh3 Kf5 51.Kg2 fxg3 52.fxg3 Qd2+ 53.Kh3 h5
54.g4+ hxg4+ 55.Kg3 e4 56.h5 Kg5 57.h6 Kxh6 58.Kh4 Qb4 59.Kg3 Nf5+ 60.Kf2 Qb2+ 61.Ke1
  0-1

[Event "Obb. Mädchen-EM 2011 U14-U18"]
[Site "Mühldorf am Inn"]
[Date "2011.03.13"]
[Round "5"]
[White "Spieker, Christine"]
[Black "Belizaire, Jeannine"]
[Result "1/2-1/2"]
[BlackElo "1018"]
[WhiteElo "932"]

1.Nf3 Nc6 2.c4 e5 3.d3 Bc5 4.g3 Nf6 5.Bg2 d6 6.O-O O-O 7.Nbd2 Be6 8.a3 a5 9.b3 Qd7
10.Re1 Bh3 11.Bh1 Qg4 12.e3 Nh5 13.Nh4 Qg5 14.Ne4 Qh6 15.Nxc5 dxc5 16.Bf3 g6 17.g4
Nf6 18.Ng2 Bxg2 19.Kxg2 Qh4 20.h3 Rfd8 21.Qe2 h5 22.Bb2 hxg4 23.hxg4 Kg7 24.Rh1 Qg5
25.Rh2 Rh8 26.Rah1 Rxh2+ 27.Rxh2 Rh8 28.Rxh8 Kxh8   1/2-1/2

[Event "Obb. Mädchen-EM 2011 U14-U18"]
[Site "Mühldorf am Inn"]
[Date "2011.03.13"]
[Round "5"]
[White "Hälterlein, Anna"]
[Black "Pietrulewicz, Anita"]
[Result "1-0"]
[BlackElo "694"]
[WhiteElo "1219"]

1.d4 d5 2.c4 dxc4 3.e3 Nf6 4.Bxc4 Bf5 5.Nf3 e6 6.O-O Be7 7.Nc3 O-O 8.b3 Nc6 9.Bb2
a6 10.a4 Ne4 11.Bd3 Nxc3 12.Bxc3 Bxd3 13.Qxd3 h6 14.Qd2 b5 15.axb5 axb5 16.Rxa8 Qxa8
17.Ra1 Qd8 18.Ra6 Qd7 19.b4 f5 20.Ra1 Qd6 21.Rb1 Rf7 22.Ne1 Rf6 23.d5 Rg6 24.dxc6
Qxc6 25.g3 Qe4 26.Qd3 Qxd3 27.Nxd3 Kf7 28.Ne5+ Kf6 29.Nxg6+ Kxg6 30.Bd4 Bf6 31.Bxf6
Kxf6 32.Rc1 g5 33.Rxc7 Ke5 34.Rc5+ Ke4 35.Rxb5 e5 36.Rc5 f4 37.exf4 gxf4 38.gxf4
exf4 39.b5   1-0

[Event "Obb. Mädchen-EM 2011 U14-U18"]
[Site "Mühldorf am Inn"]
[Date "2011.03.13"]
[Round "5"]
[White "Mitscherlich, Anna-Sophia"]
[Black "Pils, Martina"]
[Result "0-1"]
[BlackElo "932"]
[WhiteElo "778"]

1.d4 d6 2.Bg5 g6 3.e3 Bg7 4.Be2 Nf6 5.Nh3 O-O 6.Nc3 Nc6 7.O-O b6 8.Bf3 Bb7 9.Ne4 Nxe4
10.Bxe4 Re8 11.Qg4 h6 12.c3 hxg5 13.Nxg5 Bh6 14.Qh4 Bxg5 15.Qxg5 Kg7 16.d5 Ne5 17.Bf5
Bxd5 18.Rad1 Bxa2 19.Rd4 Rh8 20.f4 Nc6 21.Rf3 Rh5 22.Qg4 Nxd4 23.Rh3 Rxh3 24.Qxh3
Nxf5 25.g4 Nxe3 26.Qxe3 Qh8 27.Qd4+ Kh7 28.Qf2 Be6 29.Qh4+ Kg7 30.Qxe7 Qh7 31.g5
Rh8 32.Qf6+ Kf8 33.Kf2 Qxh2+ 34.Ke3 Rh3+ 35.Ke4 Qe2+ 36.Kd4 Rd3#   0-1